| 000 | 01013nam a22002897a 4500 | ||
|---|---|---|---|
| 001 | 5143 | ||
| 003 | FISKH | ||
| 005 | 20241107140003.0 | ||
| 008 | 241107b cb ||||| |||| 00| 0 eng d | ||
| 020 | _a9780545043557 | ||
| 040 |
_aFISKH _beng _cFISKH _dFISKH |
||
| 050 | _aPZ7.B8827 | ||
| 082 | _a480 | ||
| 100 | _aBudhos, Marina | ||
| 245 |
_aAsk Me No Questions / _cby Marina Budhos |
||
| 250 | _aFirst Scholastic printing , November 2007 | ||
| 260 |
_aNew York : _bScholastic ; _c2006. |
||
| 300 |
_a159 pages : _billustrations ; _c20 cm . |
||
| 505 | _aS | ||
| 520 | _aFourteen-year-old Nadira, her sister, and their parents leave Bangladesh for New York City, but the expiration of their visas and the events of September 11, 2001, bring frustration, sorrow, and terror for the whole family. | ||
| 521 | 8 |
_a790
_bLexile |
|
| 521 | 8 |
_aS
_bRaz-Plus |
|
| 650 |
_aMuslim _vrealistic fiction |
||
| 700 |
_aChaghatzbanian, Sonia _dBook designer |
||
| 942 |
_2ddc _cBK _n0 |
||
| 999 |
_c5143 _d5143 |
||